| 000 | 00683 a2200193 4500 | ||
|---|---|---|---|
| 999 |
_c4597 _d4597 |
||
| 020 | _a0673386384 | ||
| 050 | 0 | 0 | _aQA 154.2 MIL 1990 |
| 100 | 1 |
_aMiller, Charles D. _d1942-1986. _eauthor |
|
| 245 | 1 | 0 |
_aFundamentals of college algebra / _cCharles D. Miller, Margaret L. Lial, David I. Schneider. |
| 250 | _a3rd ed. | ||
| 264 |
_aLondon : _bScott,Foreman _c1990 |
||
| 300 |
_axv, 509 p. : _bill. ; |
||
| 500 | _aRev. ed. of: Fundamentals of college algebra / Margaret L. Lial. 2nd ed. c1986. | ||
| 650 | 0 | _aAlgebra. | |
| 700 | 1 | _aLial, Margaret L. | |
| 700 | 1 | _aSchneider, David I. | |
| 700 | 1 |
_aLial, Margaret L. _tFundamentals of college algebra. |
|
| 942 |
_2lcc _cBK _h154.2 _iMIL _kQA |
||